000 00489nam a22001937a 4500
001 00028605
005 20260319175404.0
008 260319b ag ||||| |||| 00| 0 spa d
020 _a9788447173174
040 _bspa
_cAR-CcCEOS
080 _a820-3(73)
090 _bDIS
100 1 _aDisney, Walt,
_d1901-1966
_9265
245 _aLuca /
_cDisney walt
260 _aEspaƱa :
_bSalvat,
_cc2025.
300 _a229 p. ;
_c24x15 cm.
650 0 _aliteratura infantil
942 _2udc
_cBK
999 _c28635
_d28635
945 _c66467
_dMelina Rolando